| 000 | 01037nam a2200229 i 4500 | ||
|---|---|---|---|
| 001 | bg | ||
| 100 | 1 | _aBEDNARCZYK, Józef | |
| 245 | 1 | 0 |
_aAnaliza rozkładów sił i naprężeń w głowicach do plastycznej obróbki metali metodą elektrodynamiczną / _cJózef Bednarczyk. |
| 260 |
_aKraków : _bWydawnictwa AGH, _c1996. |
||
| 300 |
_a100 s. : _bfot., rys., wykr. ; _c24 cm. |
||
| 490 | 1 |
_aRozprawy, Monografie / [Akademia Górniczo-Hutnicza im. S. Staszica] = _aDissertations, Monographies, _x0867-6631 ; _v47 |
|
| 500 | _aTyt. równol.: Analysis of force and stress in heads for plastic working of metals using the electrodynamic method. | ||
| 504 | _aBibliogr. s. 95-100. - Streszcz., summ. | ||
| 650 | 9 |
_aMetale _xobróbka plastyczna _xmetody |
|
| 650 | 9 |
_aNaprężenia i odkształcenia _xbadanie _xmetody |
|
| 830 | 0 |
_aRozprawy, Monografie ([Akademia Górniczo-Hutnicza im. S. Staszica]) ; _v47 |
|
| 040 | _cBPK | ||
| 041 | 0 |
_apl _ben |
|
| 080 | _a62-2:621.7:539.3/.6 | ||
| 942 | _cKS | ||
| 008 | s pl f |000 0 pol | ||
| 999 |
_c31493 _d31493 |
||
| 856 |
_uhttp://koha.tu.koszalin.pl/cgi-bin/koha/opac-detail.pl?biblionumber=31493 _yKatalog online BPK |
||